书目信息 |
| 题名: |
中国谚语选
|
|
| 作者: | 季成家 编 | |
| 分册: | 上 | |
| 出版信息: | 兰州 甘肃人民出版社 1981.12 |
|
| 页数: | 367页 | |
| 开本: | 19cm | |
| 丛书名: | ||
| 单 册: | ||
| 中图分类: | I277.7 | |
| 科图分类: | ||
| 主题词: | 民间文学--中国 | |
| 电子资源: | ||
| ISBN: | ||
| 000 | 00554nam0 2200205 45 | |
| 001 | 0312221749 | |
| 005 | 20040413152437.2 | |
| 010 | @dCNY1.00 | |
| 091 | @a10096.238 | |
| 100 | @a20031222d1981 km y0chiy0120 ea | |
| 101 | @achi | |
| 105 | @a z 000yy | |
| 200 | 1 | @a中国谚语选@h上@AZhong Guo Yan Yu Xuan@f季成家等编@FJi Cheng Jia Deng Bian |
| 210 | @a兰州@c甘肃人民出版社@d1981.12 | |
| 215 | @a367页@d19cm | |
| 606 | 0 | @a民间文学@x中国 |
| 690 | @aI277.7@v3 | |
| 701 | 0 | @a季成家@4编 |
| 801 | @aCN@bTSTCL@c20031222 | |
| 905 | @dI277.7@e51:1@f1@b96990 | |
| 中国谚语选.上/季成家等编.-兰州:甘肃人民出版社,1981.12 |
| 367页;19cm |
| ISBN :CNY1.00 |
| ● |
| 相关链接 |
|
|
|
|
正题名:中国谚语选
索取号:I277.7/51:1
 
预约/预借
| 序号 | 登录号 | 条形码 | 馆藏地/架位号 | 状态 | 备注 |
| 1 | 0096988 | 001800206 | 密集书库/ [索取号:I277.7/51:1] | 在馆 | |
| 2 | 0096989 | 001799735 | 密集书库/ [索取号:I277.7/51:1] | 在馆 | |
| 3 | 0096990 | 000041877 | 第一样本阅览室/ [索取号:I277.7/51:1] | 在馆 |